Rubaiyat of Omar Khayyam (Record no. 20896)

MARC details
000 -LEADER
fixed length control field 00472nam a2200181Ia 4500
005 - DATE AND TIME OF LATEST TRANSACTION
control field 20260402152708.0
008 - FIXED-LENGTH DATA ELEMENTS--GENERAL INFORMATION
fixed length control field 231207s9999 xx 000 0 und d
020 ## - INTERNATIONAL STANDARD BOOK NUMBER
International Standard Book Number 9788171679133
040 ## - CATALOGING SOURCE
Transcribing agency PK-LaNCA
082 ## - DEWEY DECIMAL CLASSIFICATION NUMBER
Classification number FTV 891.51
Item number OMA
100 ## - MAIN ENTRY--PERSONAL NAME
Author Name Omar Khayyam
245 #0 - TITLE STATEMENT
Title Rubaiyat of Omar Khayyam
260 ## - PUBLICATION, DISTRIBUTION, ETC.
Name of publisher, distributor, etc. Rupa and Co.
Place of publication, distribution, etc. New Delhi
Date of publication, distribution, etc. 2002
300 ## - PHYSICAL DESCRIPTION
Pages 100p
546 ## - LANGUAGE NOTE
Language note English
650 ## - SUBJECT ADDED ENTRY--TOPICAL TERM
Subject Persian poetry--Translation. English poetry. FTV.
942 ## - ADDED ENTRY ELEMENTS (KOHA)
Koha item type Film & TV
999 ## -
-- 20896
-- 20896
Holdings
Withdrawn status Weedout from Library Permanent Location Current Location Shelving location Date acquired Full call number Barcode Price effective from Koha item type
    NATIONAL COLLEGE OF ARTS, LAHORE - LIBRARY NATIONAL COLLEGE OF ARTS, LAHORE - LIBRARY Film & TV Section Basement of Library 08/12/2023 FTV 891.51 OMA 25147 25147 08/12/2023 Film & TV